12 simple secrets of happiness : finding joy in everyday relationship

Bibliographic Details
Main Author: Ekeren, Glenn Van
Other Authors: Jack Canfield and Kimberly Kirberger
Format: Book
Published: New Jersey : Prentice Hall Press , 2000
Subjects:

MARC

LEADER 00000cam a2200000 7i4500
001 0000045008
005 20150413.0
008 150128
020 |a 0735201390 
020 |a 9780735201392 
090 0 0 |a 158.2   |b EKE 
100 1 |a Ekeren, Glenn Van 
245 1 0 |a 12 simple secrets of happiness :   |b finding joy in everyday relationship   |c Glenn Van Ekeren; Foreward: Jack Canfield and Kimberly Kirberger 
260 |a New Jersey :   |b Prentice Hall Press ,   |c 2000 
300 |a xxiv, 196pg. :   |b b&w ;   |c 17.5cm. 
650 0 |a Friendship 
650 0 |a Happiness 
650 0 |a Interpersonal relations 
700 1 |a Jack Canfield and Kimberly Kirberger 
999 |a 0001347048   |b Book   |c Adult Collection   |e Cawangan AEON Kulaijaya